One Direction Quiz(; - Statistics

General Stats
  • This quiz has been taken 2,205 times
    2,204 since last reset
  • The average score is 14 of 15
Answer Stats
Hint Answer % Correct
Who has 4 nipples Harry
100%
Which one had a girlfriend named Danielle Liam
99%
Which one has a bad lung Liam
99%
Who is born on Christmas Eve Louis
99%
Whose the oldest Louis
99%
Who is from Ireland Niall
99%
Who is the druggy Zayn
97%
Whats their bodyguards name Paul
95%
What was their first number 1 song What makes you beautiful
95%
What was the name of their first album Up all night
94%
Whats the piegons name Kevin
90%
What is the first song they sang as a band Torn
89%
What did they call Simon Uncle Simon
87%
What tv show did they guest star on iCarly
84%
What is the name of the record lable are they signed to Syco
71%
No matching quizzes found
Score Distribution
Percent of People with Each Score
Percentile by Number Answered
Your Score History
You have not taken this quiz since the last reset